00752nam a2200205 a 4500999001500000001000600015003000900021005001700030008004100047040003800088082002400126245009200150260004600242300002200288505001200310650005000322700003500372942001200407952012700419 c1853d185313633BD-DhUAP20200217112109.0200204s2009 bg w 00| 0 eng d aBD-DhUAPcBD-DhUAPbEngdBD-DhUAP00223a348.5492046 BAN04aThe Bangladesh law times :ba monthly law journal /cedited by Samarendra Nath Goswami. aDhaka :bSamarendra Nath Goswami,cc2009. avolumes ;c25 cm. aV. 17-- 0aLaw reports, digests, etc.zBangladesh.916831 aGoswami,Samarendra Nath.91685 2ddccBK 00102ddc4070aUAPCLbUAPCLcGeneral Stacksd2020-02-17o348.5492046 BAN V-17p3010013633r2020-02-17t1w2020-02-17yBK